A Magyar Posta
| Main Author: | |
|---|---|
| Other Authors: | |
| Format: | Project work |
| Kulcsszavak: | áruértékesítés áruszállítás logisztikai szolgáltatások postai szolgáltatások vállalkozás bemutatása |
| Online Access: | http://dolgozattar.uni-bge.hu/59739 |
MARC
| LEADER | 00000nnm a2200000 i 4500 | ||
|---|---|---|---|
| 001 | dolg59739 | ||
| 005 | 20260409145511.0 | ||
| 008 | 260409suuuu hu o 000 hun d | ||
| 040 | |a BGE Dolgozattár Repozitórium |b hun | ||
| 041 | |a hu | ||
| 100 | 1 | |a Kófiás Áron | |
| 245 | 1 | 2 | |a A Magyar Posta |c Kófiás Áron |h [elektronikus dokumentum] |
| 516 | |a Project_work | ||
| 520 | 3 | |a Ebben a projektmunkában a Magyar Posta működéséről , szolgáltatásairól és történelméről lesz szó. Többek között személyes tapasztalatok alapján be lesz mutatva a postai kézbesítők valamint a postai pénztáros dolgozók feladata, a Magyar Posta logisztikai rendszere valamint az is ,hogy ez a vállalat milyen régóta áll már fent és az évtizedek során milyen nehézségekhez kellett alkalmazkodnia. Részletesen lesz a posta szolgáltatásokról szó ,arról hogy a hétköznapi ember milyen sok mindent el tud intézni a postán keresztül. | |
| 695 | |a áruértékesítés | ||
| 695 | |a áruszállítás | ||
| 695 | |a logisztikai szolgáltatások | ||
| 695 | |a postai szolgáltatások | ||
| 695 | |a vállalkozás bemutatása | ||
| 700 | 1 | |a Lipák Mária |e ths | |
| 856 | 4 | 0 | |u http://dolgozattar.uni-bge.hu/59739/1/A%20Magyar%20Posta%20.pdf |z Dokumentum-elérés |
| 856 | 4 | 0 | |u http://dolgozattar.uni-bge.hu/59739/2/KofiasBir.pdf |z Dokumentum-elérés |